LEADER 01441nam 2200397 450 001 9910132386503321 005 20231021042627.0 010 $a1-4673-5556-9 035 $a(CKB)3460000000126216 035 $a(NjHacI)993460000000126216 035 $a(EXLCZ)993460000000126216 100 $a20231021d2013 uy 0 101 0 $aeng 135 $aur||||||||||| 181 $ctxt$2rdacontent 182 $cc$2rdamedia 183 $acr$2rdacarrier 200 00$a2013 4th International Youth Conference on Energy (IYCE 2013) $eSio?fok, Hungary, 6-8 June 2013 /$ftechnical sponsors, Budapest University of Technology and Economics and International Youth Conference on Energetics 210 1$aPiscataway, NJ :$cIEEE,$d2013. 215 $a1 online resource (477 pages) $cillustrations 311 $a1-4673-5555-0 517 $a2013 4th International Youth Conference on Energy 517 $aEnergy 606 $aRenewable energy sources$vCongresses 606 $aPower (Mechanics)$vCongresses 615 0$aRenewable energy sources 615 0$aPower (Mechanics) 676 $a621.042 712 02$aBudapesti Mu?szaki e?s Gazdasa?gtudoma?nyi Egyetem, 712 02$aInternational Youth Conference on Energetics, 801 0$bNjHacI 801 1$bNjHacl 906 $aPROCEEDING 912 $a9910132386503321 996 $a2013 4th International Youth Conference on Energy (IYCE 2013)$93574580 997 $aUNINA LEADER 02204nam0 22004693i 450 001 TO00060982 005 20251003044401.0 100 $a19951211d1976 ||||0itac50 ba 101 | $aita$cita 102 $ait 181 1$6z01$ai $bxxxe 182 1$6z01$an 183 1$6z01$anc$2RDAcarrier 200 1 $aˆLa ‰struttura del salario$elezioni tenute nel maggio-giugno 1975 al corso delle 150 ore per il recupero della scuola dell'obbligo a Modena$fVittorio Foa 210 $aRoma$cAlfani$d1976 215 $a112 p.$d21 cm. 225 | $aCENDES formazione. I problemi della società italiana$v1 410 0$1001SBL0053380$12001 $aCENDES formazione. I problemi della società italiana$v1 500 10$aˆLa ‰struttura del salario.$3IEI0688750$9PUVV212891$9816455 606 $aSalari$2FIR$3CFIC074811$9I 676 $a331.2$9$v12 676 $a331.21$9RETRIBUZIONI$v20 676 $a331.21$9SALARIO$v21 676 $a331.21$9ECONOMIA DEL LAVORO. Retribuzioni$v23 686 $aIT/4427.7$cSCUOLA SECONDARIA ITALIA 1968-1989$2R 686 $aIT/4436.0$cLAVORO SINDACATI DEI LAVORATORI ITALIA 1968-1989$2R 686 $aIT/4436.1$cLEGISLAZIONE E CONTRATTI DI LAVORO ITALIA 1968-1989$2R 686 $aIT/4436.2$cLAVORO FORME CONDIZIONI MERCATO ITALIA 1968-1989$2R 686 $aIT/4436.3$cSCUOLA E FORMAZIONE PROFESSIONALE ITALIA 1968-1989$2R 696 $aPaghe$aMonti salari 699 $aSalari$yPaghe 699 $aSalari$yMonti salari 700 1$aFoa$b, Vittorio$3PUVV212891$4070$025995 790 1$aInverni$b, Carlo$3LO1V151816$zFoa, Vittorio 801 3$aIT$bIT-000000$c19951211 850 $aIT-BN0095 $aIT-NA0230 901 $bNAP 01$cPOZZO LIB.$nVi sono collocati fondi di economia, periodici di ingegneria e scienze, periodici di economia e statistica e altri fondi comprendenti documenti di economia pervenuti in dono. 912 $aTO00060982 950 0$aBiblioteca Centralizzata di Ateneo$c1 v.$d 01POZZO LIB.F. SANTI 460$e 0101 0060030065E VMA 1 v. (Precedente collocazione S 374)$fB $h20221111$i20221111 977 $a 01$a IR 996 $aStruttura del salario$9816455 997 $aUNISANNIO